Environmental science for environmental management (Record no. 62760)

MARC details
000 -LEADER
fixed length control field 00710nam a2200157 a 4500
008 - FIXED-LENGTH DATA ELEMENTS--GENERAL INFORMATION
fixed length control field 120416s0000 ||||||||||||||||| || u
020 ## - INTERNATIONAL STANDARD BOOK NUMBER
International Standard Book Number 0582218896
050 ## - LIBRARY OF CONGRESS CALL NUMBER
Classification number TA 170 Env
100 ## - MAIN ENTRY--PERSONAL NAME
Personal name O'Riordan, Timothy
245 10 - TITLE STATEMENT
Title Environmental science for environmental management
Statement of responsibility, etc. edited by Timothy O'Riordan
260 ## - PUBLICATION, DISTRIBUTION, ETC.
Place of publication, distribution, etc. Essex
Name of publisher, distributor, etc. Longman
Date of publication, distribution, etc. 1995
300 ## - PHYSICAL DESCRIPTION
Extent xiii, 369p. : ill.
350 ## -
-- 0.00
995 ## -
-- MAIN LIBRARY OPEN ACCESS
-- 0.00
-- 728868
-- CBU-MAIN LIBRARY (Kitwe)
-- 2
-- 18.99
-- TA 170 Env
-- 2
-- AVAILABLE
-- 020708
-- Main Library Open Access Collection
995 ## -
-- MAIN LIBRARY OPEN ACCESS
-- 0.00
-- 728867
-- CBU-MAIN LIBRARY (Kitwe)
-- 1
-- 18.99
-- TA 170 Env
-- 1
-- AVAILABLE
-- 020705
-- Main Library Open Access Collection
999 ## -
-- 62760
-- 62760
Holdings
Withdrawn status Lost status Source of classification or shelving scheme Damaged status Not for loan Permanent Location Current Location Shelving location Date acquired Total Checkouts Full call number Barcode Date last seen Price effective from Koha item type
          CBU-MAIN LIBRARY, KITWE. CBU-MAIN LIBRARY, KITWE.   12/16/2022   TA 170 Env 020708 12/16/2022 12/16/2022 MONOGRAPH
          CBU-MAIN LIBRARY, KITWE. CBU-MAIN LIBRARY, KITWE.   12/16/2022   TA 170 Env 020705 12/16/2022 12/16/2022 MONOGRAPH